Statistics for Quiz on the Year 1998

Click here to take the quiz!

General Stats

  • This quiz has been taken 9,062 times
  • The average score is 12 of 18

Answer Stats

QuestionAnswer% Correct
Who did Bill Clinton deny having sexual relations with?Monica Lewinsky
89%
What tech company became the largest corporation in the world by market value?Microsoft
83%
Who sang "...Baby One More Time"?Britney Spears
83%
What WWII movie starred Tom Hanks and Matt Damon?Saving Private Ryan
82%
What "Candle in the Wind" singer was knighted by Queen Elizabeth?Elton John
81%
What event was hosted in Nagano, Japan?The Winter Olympics
80%
What country won the FIFA World Cup, defeating Brazil 3-0?France
77%
Who did Victoria Adams become engaged to?David Beckham
71%
What word in the title of the first "Harry Potter" book was changed
for its American release?
Philosopher's
(changed to Sorcerer's)
64%
What city's Petronas Towers became the tallest buildings in the world?Kuala Lumpur
63%
What country tested nuclear weapons for the first time?Pakistan
58%
What company was founded by Larry Page and Sergey Brin?Google
55%
What TV show about "nothing" aired its final episode?Seinfeld
54%
Who was elected President of Venezuela?Hugo Chávez
53%
On what religious holiday was a peace accord signed in Northern Ireland?Good Friday
50%
What model of computer was released by Apple?iMac
47%
What country got its first new leader in 31 years, following the resignation of Suharto?Indonesia
41%
What Major League player hit 70 home runs, breaking Roger Maris's
single season record?
Mark McGwire
31%

Score Distribution

Percentile by Number Answered

Percent of People with Each Score

Your Score History

You have not taken this quiz